<?xml version="1.0" encoding="UTF-8"?>
<collection xmlns="http://www.loc.gov/MARC21/slim">
 <record>
  <leader>00884nam a2200229 a 4500</leader>
  <controlfield tag="001">823390</controlfield>
  <controlfield tag="008">090513s1998    ph a     b    100 0 eng d</controlfield>
  <datafield tag="020" ind1=" " ind2=" ">
   <subfield code="a"> 9712201015</subfield>
  </datafield>
  <datafield tag="040" ind1=" " ind2=" ">
   <subfield code="a"> DJB </subfield>
   <subfield code="c"> DJB </subfield>
   <subfield code="d"> AGL</subfield>
  </datafield>
  <datafield tag="082" ind1="0" ind2="4">
   <subfield code="a"> 633.18/9/58 </subfield>
   <subfield code="2"> 21</subfield>
  </datafield>
  <datafield tag="245" ind1="1" ind2="0">
   <subfield code="a"> Allelopathy in rice / </subfield>
   <subfield code="c"> edited by M. Olofsdotter.</subfield>
  </datafield>
  <datafield tag="260" ind1=" " ind2=" ">
   <subfield code="a"> Manila, Philippines : </subfield>
   <subfield code="b"> IRRI, </subfield>
   <subfield code="c"> 1998.</subfield>
  </datafield>
  <datafield tag="300" ind1=" " ind2=" ">
   <subfield code="a"> vii, 154 p. : </subfield>
   <subfield code="b"> ill. ; </subfield>
   <subfield code="c"> 23 cm.</subfield>
  </datafield>
  <datafield tag="500" ind1=" " ind2=" ">
   <subfield code="a"> Workshop held 25-27 November 1996, at IRRI.</subfield>
  </datafield>
  <datafield tag="541" ind1="1" ind2=" ">
   <subfield code="e"> 00007279</subfield>
  </datafield>
  <datafield tag="650" ind1=" " ind2="0">
   <subfield code="a"> Rice </subfield>
   <subfield code="x"> Weed control.</subfield>
  </datafield>
  <datafield tag="650" ind1=" " ind2="0">
   <subfield code="a"> Allelopathy.</subfield>
  </datafield>
  <datafield tag="650" ind1=" " ind2="0">
   <subfield code="a"> Rice </subfield>
   <subfield code="x"> Breeding.</subfield>
  </datafield>
  <datafield tag="700" ind1="1" ind2=" ">
   <subfield code="a"> Olofsdotter, M.</subfield>
  </datafield>
  <datafield tag="852" ind1="4" ind2=" ">
   <subfield code="a"> Ayesha Abed Library</subfield>
   <subfield code="j"> Generalshelf </subfield>
  </datafield>
  <datafield tag="999" ind1=" " ind2=" ">
   <subfield code="c">652</subfield>
   <subfield code="d">652</subfield>
  </datafield>
  <datafield tag="952" ind1=" " ind2=" ">
   <subfield code="0">0</subfield>
   <subfield code="1">0</subfield>
   <subfield code="2">ddc</subfield>
   <subfield code="4">0</subfield>
   <subfield code="6">633_189580000000000_ALL_1998</subfield>
   <subfield code="7">0</subfield>
   <subfield code="9">600</subfield>
   <subfield code="a">BRACUL</subfield>
   <subfield code="b">BRACUL</subfield>
   <subfield code="c">GEN</subfield>
   <subfield code="d">2009-05-13</subfield>
   <subfield code="g">0.00</subfield>
   <subfield code="l">0</subfield>
   <subfield code="o">633.18958 ALL</subfield>
   <subfield code="p">3010007279</subfield>
   <subfield code="r">2009-05-13</subfield>
   <subfield code="t">1</subfield>
   <subfield code="w">2009-05-13</subfield>
   <subfield code="y">BK</subfield>
   <subfield code="x">No price found in the accession register.</subfield>
  </datafield>
 </record>
</collection>
